Normal view
MARC view
- 1.Benchmarking (Management) ---------- Handbook ,manuals,etc.2 American Productivity & Quality Center.3. Planning,Organizing ,and Managing benchmarking activities.
Entry Topical Term
001 - CONTROL NUMBER
- control field: 2582
003 - CONTROL NUMBER IDENTIFIER
- control field: NUST
005 - DATE AND TIME OF LATEST TRANSACTION
- control field: 20170613135200.0
008 - FIXED-LENGTH DATA ELEMENTS
- fixed length control field: 170613|| aca||aabn | a|a d
040 ## - CATALOGING SOURCE
- Original cataloging agency: NUST
- Transcribing agency: NUST
150 ## - HEADING--TOPICAL TERM
- Topical term or geographic name entry element: 1.Benchmarking (Management) ---------- Handbook ,manuals,etc.2 American Productivity & Quality Center.3. Planning,Organizing ,and Managing benchmarking activities.
670 ## - SOURCE DATA FOUND
- Source citation: Work cat.: (NUST)23667: Laura Longmire 2581, The Bunchmarking Guide /American Productivity , c1993
